000 00689nam a2200253Ia 4500
003 OSt
005 20221005070055.0
006 a|||||r|||| 00| 0
007 ta
008 221004b |||||||| |||| 00| 0 guj d
024 _a40870
037 _cTextual
040 _aCRL
_cCRL
_bguj
041 _2guj
_aguj
082 _aO156,3NPA,3, K4.2
100 _aPanday Vithal Au.
_9605264
245 0 _aDard n jane koth
260 _aMumbai
_bPardeep Parkashan India
_c1964
300 _a344p.
_ccm.
650 _a GUJRATI LITERATURE
650 _aGUJRATI FICTION
942 _hO156,3NPA,3, K4.2
_cTEXL
_2cc
999 _c975610
_d975610